| 000 | 01320cab a2200301 4500 | ||
|---|---|---|---|
| 001 | ABS51811 | ||
| 008 | 090401t1994 xxu||||| |||| 00| 0 eng d | ||
| 035 | _a(Sirsi) u44895 | ||
| 041 | _aeng | ||
| 100 | _aWalton, W. | ||
| 245 | _aGreen belts: where to draw the line? | ||
| 260 | _c1994 | ||
| 350 | _a0 | ||
| 490 |
_aJournal of Planning and Environment Law _v(1994) JPEL 986-993(8) |
||
| 520 | _aConsiders the diminishing importance of "Carpets of Worth Ltd v Wyre Forest DC" (ABS45332) after "Laing Homes Ltd and Grosvenor Developments (Avon) plc v Avon CC" (ABS50184), in which it was held that green belt boundaries could be altered if adequate reasons were given for doing so. Also questions the effect of Planning and Compensation Act 1991 s54A on presumption in favour of development outside green belts. | ||
| 650 |
_aBoundary disputes _96221 |
||
| 650 | _aCARPETS OF WORTH LTD V WYRE FOREST DC | ||
| 650 | _aEC GRANDSEN AND CO AND FALKBRIDGE LTD V SOS ENVIRONMENT | ||
| 650 | _aEXCEPTIONAL CIRCUMSTANCES | ||
| 650 | _aGREEN BELT | ||
| 650 | _aLAING HOMES LTD AND GROSVENOR DEVELOPMENTS (AVON) V AVON CC | ||
| 650 | _aPLANNING AND COMPENSATION ACT 1991 S54A | ||
| 650 | _aWHITE LAND | ||
| 690 | _aCONSERVATION | ||
| 690 | _aPLANNING LAW AND PRACTICE | ||
| 942 | _n0 | ||
| 948 | _c04/03/1997 | ||
| 999 |
_c28533 _d28533 |
||